Chemistry / (Record no. 4076)
[ view plain ]
| 000 -LEADER | |
|---|---|
| fixed length control field | 00579cam a22002052 4500 |
| 001 - CONTROL NUMBER | |
| control field | 0000020181 |
| 005 - DATE AND TIME OF LATEST TRANSACTION | |
| control field | 20151217145923.0 |
| 008 - FIXED-LENGTH DATA ELEMENTS--GENERAL INFORMATION | |
| fixed length control field | 110824s xx 000 0 eng d |
| 020 ## - INTERNATIONAL STANDARD BOOK NUMBER | |
| International Standard Book Number | 0495014486 |
| 040 ## - CATALOGING SOURCE | |
| Original cataloging agency | KABU |
| Transcribing agency | KABU |
| 245 10 - TITLE STATEMENT | |
| Title | Chemistry / |
| Statement of responsibility, etc. | Kenneth W. Whitten ...[et al.]. |
| 250 ## - EDITION STATEMENT | |
| Edition statement | 8th ed. |
| 260 ## - PUBLICATION, DISTRIBUTION, ETC. (IMPRINT) | |
| Place of publication, distribution, etc. | Belmont, CA : |
| Name of publisher, distributor, etc. | Thomson, |
| Date of publication, distribution, etc. | 2007. |
| 300 ## - PHYSICAL DESCRIPTION | |
| Extent | 1 v. [various paging] |
| 650 #0 - SUBJECT ADDED ENTRY--TOPICAL TERM | |
| Topical term or geographic name as entry element | Chemistry. |
| -- | 0000148202 |
| 700 1# - ADDED ENTRY--PERSONAL NAME | |
| Personal name | Whitten, Kenneth W. |
| -- | 0000180271 |
| 852 1# - LOCATION | |
| -- | p5340 KES |
| 908 ## - PUT COMMAND PARAMETER (RLIN) | |
| Put command parameter | 110824 |
| 950 ## - LOCAL HOLDINGS (RLIN) | |
| -- | 1 |
| Withdrawn status | Lost status | Source of classification or shelving scheme | Damaged status | Not for loan | Home library | Current library | Date acquired | Total Checkouts | Full call number | Barcode | Date last seen | Date last checked out | Price effective from | Koha item type | Cost, normal purchase price | Total Renewals |
|---|---|---|---|---|---|---|---|---|---|---|---|---|---|---|---|---|
| Lost | Library of Congress Classification | Kabarak, Main Campus | Kabarak, Main Campus | 17/12/2015 | 9 | QD33 .C44 2007 c.1 | 21708 | 30/01/2020 | 30/01/2020 | 17/12/2015 | General Collection | |||||
| Library of Congress Classification | Kabarak, Main Campus | Kabarak, Main Campus | 17/05/2018 | 3 | QD33 .C44 2007 c.2 | 024985 | 22/11/2024 | 11/11/2024 | 17/05/2018 | General Collection | 5375.00 | |||||
| Library of Congress Classification | Kabarak, Main Campus | Kabarak, Main Campus | 17/05/2018 | 4 | QD33 .C44 2007 c.3 | 024986 | 14/12/2021 | 23/11/2021 | 17/05/2018 | General Collection | 5375.00 | 1 | ||||
| Library of Congress Classification | Kabarak, Main Campus | Kabarak, Main Campus | 17/05/2018 | 6 | QD33 .C44 2007 c.4 | 024987 | 17/03/2020 | 14/02/2020 | 17/05/2018 | General Collection | 5375.00 | |||||
| Library of Congress Classification | Kabarak, Main Campus | Kabarak, Main Campus | 17/05/2018 | 8 | QD33 .C44 2007 c.5 | 024988 | 21/02/2020 | 04/02/2020 | 17/05/2018 | General Collection | 5375.00 |